The Modern History Of The Indian Chiefs Rajas Zamindrs (Record no. 553179)

000 -LEADER
fixed length control field 00410nam a22001337a 4500
082 ## - DEWEY DECIMAL CLASSIFICATION NUMBER
Classification number 954.031
Author Mark GHO
245 ## - TITLE STATEMENT
Title The Modern History Of The Indian Chiefs Rajas Zamindrs
Statement of responsibility, etc. Loke Nath Ghose
260 ## - PUBLICATION, DISTRIBUTION, ETC.
Place of publication, distribution, etc. India.
Name of publisher, distributor, etc. J.N. Ghose and Co.
Date of publication, distribution, etc. c1879.
300 ## - PHYSICAL DESCRIPTION
Extent 217 p.
Other physical details ills.
Dimensions 22 cm.
526 ## - STUDY PROGRAM INFORMATION NOTE
Program name 0
Interest level 0
Reading level 0
Title point value 954_031000000000000_GHO
526 ## - STUDY PROGRAM INFORMATION NOTE
Program name 0
Interest level 0
Reading level 0
Title point value 954_031000000000000_GHO
650 ## - SUBJECT ADDED ENTRY--TOPICAL TERM
Topical term or geographic name entry element MCE
9 (RLIN) 379
942 ## - ADDED ENTRY ELEMENTS (KOHA)
Source of classification or shelving scheme
Koha item type Book
Holdings
Withdrawn status Lost status Source of classification or shelving scheme Damaged status Not for loan Permanent Location Current Location Shelving location Date acquired Total Checkouts Full call number Barcode Date last seen Price effective from Koha item type Public note
          Military College of Engineering (MCE) Military College of Engineering (MCE)   02/02/2015   954.031 GHO MCE-ECM/22.1 02/02/2015 03/14/2021 Book Part -1
          Military College of Engineering (MCE) Military College of Engineering (MCE)   02/02/2015   954.031 GHO MCE-ECM/22.2 02/02/2015 02/02/2015 Book Part - 2
© 2023 Central Library, National University of Sciences and Technology. All Rights Reserved.